Kultúrno-osvetové zariadenia a uplatnenie oslobodenia od dane zo stavieb

Podľa §17 ods.3 zákona o miestnych daniach, zákon č.582/2004, môže správca dane všeobecným záväzným nariadením podľa miestnych podmienok v obci, ustanoviť zníženie dane alebo oslobodiť od dane zo stavieb, alebo od dane z bytov, ktoré sú úžívané na účely sociálnej pomoci, múzeá, galérie, knižnice, di...

Full description

Saved in:
Bibliographic Details
Main Author: Mitringová, Jaroslava
Format: Book Chapter
Language:Slovak
Subjects:
Tags: Add Tag
No Tags, Be the first to tag this record!

MARC

LEADER 00000naa a2200000 4500
001 0269869
005 20201116140910.3
041 0 |a slo 
044 |a SK 
245 1 0 |a Kultúrno-osvetové zariadenia a uplatnenie oslobodenia od dane zo stavieb  |c Jaroslava Mitringová 
520 |a Podľa §17 ods.3 zákona o miestnych daniach, zákon č.582/2004, môže správca dane všeobecným záväzným nariadením podľa miestnych podmienok v obci, ustanoviť zníženie dane alebo oslobodiť od dane zo stavieb, alebo od dane z bytov, ktoré sú úžívané na účely sociálnej pomoci, múzeá, galérie, knižnice, divadlá, kiná, amfiteátre, výstavné siene, osvetové zariadenia. 
610 2 0 |a zariadenia kultúrne 
610 2 0 |a kultúra 
610 2 0 |a osveta 
610 2 0 |a dane zo stavieb 
610 2 0 |a oslobodenie od daní 
610 2 0 |a správa daňová 
100 1 |a Mitringová, Jaroslava